00274nam a2200121Ia 4500003000400000005001700004008004100021020001500062040002700077100001400104245001700118260001700135OSt20240111101755.0170524s9999 xx 000 0 und d a8180547485 ciimt university meerut aKAPOOR ND 0aBUSINESS Law aSultan chand